Manual de producción audiovisual digital / (Registro nro. 47999)
[ vista simple ]
| 000 -LEADER | |
|---|---|
| campo de control de longitud fija | 01892cam a22004094i 4500 |
| 003 - IDENTIFICADOR DE NÚMERO DE CONTROL | |
| campo de control | PE-LiUPU |
| 005 - FECHA Y HORA DE LA ÚLTIMA TRANSACCIÓN | |
| campo de control | 20250731183422.0 |
| 008 - DATOS DE LONGITUD FIJA--INFORMACIÓN GENERAL | |
| campo de control de longitud fija | 150625s r 000 0 d |
| 020 ## - NÚMERO INTERNACIONAL ESTÁNDAR DEL LIBRO | |
| Número Internacional Estándar del Libro | 9788428214339 |
| 035 ## - NÚMERO DE CONTROL DEL SISTEMA | |
| Número de control de sistema | (Sirsi) i9788428214339 |
| 040 ## - FUENTE DE CATALOGACIÓN | |
| Centro catalogador/agencia de origen | PE-LiUPU |
| Lengua de catalogación | spa |
| Centro/agencia transcriptor | PE-LiUPU |
| Normas de descripción | rda |
| 049 ## - FONDOS LOCALES (OCLC) | |
| Biblioteca depositaria | PRUA |
| 082 04 - NÚMERO DE LA CLASIFICACIÓN DECIMAL DEWEY | |
| Número de clasificación | 791.45 |
| Cutter | K56 |
| Número de edición | 21 |
| 100 1# - ENTRADA PRINCIPAL--NOMBRE DE PERSONA | |
| Nombre de persona | Kindem, Gorham , |
| Término indicativo de función/relación | autor. |
| 245 10 - MENCIÓN DEL TÍTULO | |
| Título | Manual de producción audiovisual digital / |
| Mención de responsabilidad, etc. | Gorham Kindem, Robert B. Musburger. |
| 250 ## - MENCION DE EDICION | |
| Mención de edición | 3a |
| 264 #1 - PRODUCCIÓN, PUBLICACIÓN, DISTRIBUCIÓN, FABRICACIÓN Y COPYRIGHT | |
| Producción, publicación, distribución, fabricación y copyright | Barcelona : |
| Nombre del de productor, editor, distribuidor, fabricante | Ediciones Omega, |
| Fecha de producción, publicación, distribución, fabricación o copyright | 2007. |
| 300 ## - DESCRIPCIÓN FÍSICA | |
| Extensión | 309 páginas : |
| Otras características físicas | ilustraciones, gráficos, cuandros, color ; |
| Dimensiones | 28 centímetros |
| 336 ## - TIPO DE CONTENIDO | |
| Término de tipo de contenido | text |
| Fuente | rdacontent |
| 337 ## - TIPO DE MEDIO | |
| Nombre/término del tipo de medio | unmediated |
| Fuente | rdamedia |
| 338 ## - TIPO DE SOPORTE | |
| Nombre/término del tipo de soporte | volume |
| Fuente | rdacarrier |
| 505 0# - NOTA DE CONTENIDO CON FORMATO | |
| Nota de contenido con formato | Producción: tecnologías analógica y digital. -Producción y gestión de la producción. -Escritura de un guión. -Dirección: principios estéticos y coordinación de rodaje. -Audio/sinido. -Iluminación. -Cámaras. -Grabación. -Diseño y grafismo. -Montaje de imagen. -Montaje de sonido. -Animación y efectos especiales. -Distribución y exhibición. |
| 526 ## - NOTA DE INFORMACIÓN SOBRE EL PROGRAMA DE ESTUDIO | |
| Nombre del programa | Maestría Bim Facility Management (A distancia) |
| 526 ## - NOTA DE INFORMACIÓN SOBRE EL PROGRAMA DE ESTUDIO | |
| Nombre del programa | |
| 526 ## - NOTA DE INFORMACIÓN SOBRE EL PROGRAMA DE ESTUDIO | |
| Nombre del programa | Educación musical y artes |
| 526 ## - NOTA DE INFORMACIÓN SOBRE EL PROGRAMA DE ESTUDIO | |
| Nombre del programa | Educación, especialidad educación física |
| 526 ## - NOTA DE INFORMACIÓN SOBRE EL PROGRAMA DE ESTUDIO | |
| Nombre del programa | Arquitectura |
| 541 ## - NOTA DE FUENTE DE ADQUISICIÓN DIRECTA | |
| -- | 001-0029256; |
| 596 ## - | |
| -- | 1 |
| 650 04 - PUNTO DE ACCESO ADICIONAL DE MATERIA--TÉRMINO DE MATERIA | |
| Término de materia o nombre geográfico como elemento de entrada | Electrónica digital. |
| 650 04 - PUNTO DE ACCESO ADICIONAL DE MATERIA--TÉRMINO DE MATERIA | |
| Término de materia o nombre geográfico como elemento de entrada | Televisión |
| Subdivisión general | Producción y dirección. |
| 700 1# - ENTRADA AGREGADA--NOMBRE PERSONAL | |
| Nombre de persona | Musburger, Robert B., |
| Término indicativo de función/relación | autor. |
| 942 ## - ELEMENTOS DE ENTRADA SECUNDARIOS (KOHA) | |
| Fuente del sistema de clasificación o colocación | Clasificación Decimal Dewey |
| Tipo de ítem Koha | |
| 949 ## - PROCESAMIENTO DE INFORMACIÓN LOCAL (OCLC) | |
| a | 791.45 K56 |
| w | DEWEY |
| c | 1 |
| i | 59188 |
| l | CCODEBUL1 |
| m | BUL |
| p | 114.00 |
| r | 0 |
| s | Y |
| t | BOOK |
| u | 2015-6-25 |
| x | EDUCACION |
| -- | P07 |
| 0 | COMPRA |
| o | .STAFF. Colección General |
| 994 ## - | |
| -- | C0 |
| -- | PEPRU |
| 999 ## - NÚMEROS DE CONTROL DE SISTEMA (KOHA) | |
| -- | DEWEY |
| -- | 59188 |
| -- | 2019-8-19 |
| -- | 2021-11-8 |
| -- | 5 |
| -- | CCODEBUL1 |
| -- | BUL |
| -- | 5 |
| -- | 114.00 |
| -- | 1 |
| -- | 0 |
| -- | Y |
| -- | BOOK |
| -- | 2015-6-25 |
| -- | EDUCACION |
| -- | P07 |
| -- | COMPRA |
| -- | .STAFF. Colección General |
| 980 ## - EQUIVALENCIA O REFERENCIA-CRUZADA-MENCIÓN DE SERIE--NOMBRE DE PERSONA/TÍTULO [LOCAL, CANADÁ] | |
| ID del último usuario que modificó el registro | 1 |
| Nombre del último usuario que modificó el registro | ALBERTO SANCHEZ Responsable de Automatización |
| Visto por última vez | Número de inventario | Total de préstamos | Signatura topográfica completa | Código de barras | Fecha del último préstamo | Copia número | Coste, precio de reemplazo | Fecha de reemplazo | Facultad | Tipo de ítem Koha | Nota pública | Estado de pérdida | Fuente del sistema de clasificación o colocación | Restricciones de uso | No para préstamo | Colección | Programa académico | Biblioteca de origen | Biblioteca actual | Ubicación en estantería | Fecha de adquisición | Fuente de adquisición | Coste, precio normal de compra |
|---|---|---|---|---|---|---|---|---|---|---|---|---|---|---|---|---|---|---|---|---|---|---|---|
| 2025-12-03 | 6 | 5 | 791.45 K56 | 59188 | 2019-08-19 | e1 | 119.00 | 2015-06-25 | FACIHED | Libros físicos | inventario-2023-12-13 | No Perdido | Clasificación Decimal Dewey | No restringido | Disponible para préstamos | Colección General | Ciencias de la comunicación | Biblioteca CRAI UPeU Lima | Biblioteca CRAI UPeU Lima | Sala principal | 2015-06-25 | COMPRA | 114.00 |